| 000 | 00529 a2200181 4500 | ||
|---|---|---|---|
| 999 |
_c41802 _d41802 |
||
| 003 | OSt | ||
| 005 | 20221114122815.0 | ||
| 008 | 221114b ||||| |||| 00| 0 eng d | ||
| 020 | _a9788123923505 | ||
| 040 | _coclc | ||
| 082 |
_a647.94 _bCHA/T |
||
| 100 |
_99304 _aChakravarti, B K |
||
| 245 |
_aTechnical guide to hotel operation / _cB K Chakravarti. |
||
| 250 | _a2nd ed., | ||
| 260 |
_aNewv Delhi: _bCBS Publishers, _c2014. |
||
| 300 | _a210 pages | ||
| 942 |
_2ddc _cBK _h647.94 _iCHA/T _k647.94 _mCHA/T |
||